Top 10 Worst NFL Franchises - Statistics

General Stats
  • This quiz has been taken 18 times
  • The average score is 9 of 10
Answer Stats
Super Bowl Wins Win % Answer % Correct
0 .419 Arizona Cardinals
94%
0 .454 Carolina Panthers
94%
0 .462 Detroit Lions
94%
1 .463 New Orleans Saints
88%
1 .432 New York Jets
88%
2 .412 Tampa Bay Buccaneers
88%
0 .429 Jacksonville Jaguars
82%
0 .455 Cincinnati Bengals
76%
0 .449 Houston Texans
76%
0 .438 Atlanta Falcons
71%
No matching quizzes found
Score Distribution
Percent of People with Each Score
Percentile by Number Answered
Your Score History
You have not taken this quiz